| 000 | 00671nam a2200157 a 4500 | ||
|---|---|---|---|
| 008 | 160314s2013 ||||||||||||||||| || u | ||
| 020 | _a9781907816451 | ||
| 050 | _aRC 58 All | ||
| 100 | _aAllen, Carolyn | ||
| 245 | 1 | 0 |
_aMRCP Part 2: 450 BOFs _cBy Carolyn Allen, Suzanne Forbes, David Hunt, Heather Lewis, Ravi Menon [and] Luke Moore |
| 260 |
_aLondon: _bJP Medical Publishers _c2013 |
||
| 300 | _axv, 434p.: ill. | ||
| 350 | _a51.00 | ||
| 650 | _aMEDICINE--EXAMINATIONS, QUESTIONS, ETC | ||
| 995 |
_aMEDICAL LIBRARY OPEN ACCESS _e903486 _FCBU-SCHOOL OF MEDICINE LIBRARY (Ndola) _I51.00 _jRC 58 All _M1 _UAVAILABLE _WMar 23, 2016 _y903486 _ZMedical Library Open Access Collection |
||
| 999 |
_c32119 _d32119 |
||